The Double Life of Ramalinga Raju : The Story of Indias Biggest Corporate Fraud
| Main Author: | |
|---|---|
| Format: | Unknown |
| Published: |
Harper Collins Publisher
|
| LEADER | 00251 a2200085 4500 | ||
|---|---|---|---|
| 020 | |a 9788172239084 | ||
| 100 | |a Kingshuk Nag | ||
| 245 | |a The Double Life of Ramalinga Raju : The Story of Indias Biggest Corporate Fraud | ||
| 260 | |b Harper Collins Publisher | ||
| 999 | |c 42012 |d 42012 | ||